Charapas (Registro nro. 1470)
[ vista simple ]
| 000 -CABECERA | |
|---|---|
| Campo de control | 00811cam a2200253 a 4500 |
| 005 - FECHA Y HORA DE LA ULTIMA TRANSACCION | |
| Campo de control | 20150921113900.0 |
| 008 - ELEMENTOS DE LONGITUD FIJA—INFORMACION GENERAL | |
| Campo de control | 010210s1999 ck ab r 00010 spa d |
| 015 ## - NATIONAL BIBLIOGRAPHY NUMBER | |
| National bibliography number | ck-1999-xxx |
| 040 ## - FUENTE DE CATALOGACIÓN | |
| Agencia catalogadora original | la |
| Agencia transcriptora | la |
| 041 0# - IDIOMA | |
| Código de idioma para texto/pista de sonido o título separado | Español |
| 043 ## - GEOGRAPHIC AREA CODE | |
| Geographic area code | s-ck--- |
| 082 04 - NUMERO DE CLASIFICACION DECIMAL DEWEY | |
| Número de clasificación | 597.924 |
| Número del ítem | H64ch |
| 100 1# - ASIENTO PRINCIPAL--NOMBRE PERSONAL | |
| Nombre personal | Hildebrand, Patricio von. |
| 245 10 - MENCION DE TITULO | |
| Título | Charapas |
| Mención de responsabilidad | Patricio von Hildebrand ; ilustraciones Gloria Quintana. |
| 260 ## - PUBLICACION, DISTRIBUCION, ETC. (PIE DE IMPRENTA) | |
| Lugar de publicación, distribución, etc. | Santa Fe de Bogota : |
| Nombre del editor, distribuidor, etc. | Fundacion Puerto Rastrojo, |
| Fecha de publicación, distribución, etc. | 1999. |
| 300 ## - DESCRIPCION FISICA | |
| Extensión | 24 p. : |
| Otros detalles físicos | il. , mapas ; |
| Dimensiones | 16 cm. |
| 500 ## - NOTA GENERAL | |
| Nota general | Titulo tomado de la caratula. |
| 650 #6 - ASIENTO SECUNDARIO DE MATERIA - TERMINO TEMATICO | |
| Término temático o nombre geográfico como elemento de entrada | Tortuga Charapa |
| Subdivisión geográfica | Caqueta (Rio, Colombia) |
| 650 #6 - ASIENTO SECUNDARIO DE MATERIA - TERMINO TEMATICO | |
| Término temático o nombre geográfico como elemento de entrada | Tortugas. |
| Subdivisión geográfica | Inirida |
| 650 #6 - ASIENTO SECUNDARIO DE MATERIA - TERMINO TEMATICO | |
| Término temático o nombre geográfico como elemento de entrada | podocnemis expansa |
| 700 1# - ASIENTO SECUNDARIO - NOMBRE PERSONAL | |
| Nombre personal | Quintana, Gloria, |
| Término de relación | il. |
| 942 ## - ELEMENTOS ADICIONALES (KOHA) | |
| Sistema de clasificación | Dewey Decimal Classification |
| Tipo de ítem | Libro |
| 949 ## - LOCAL PROCESSING INFORMATION (OCLC) | |
| a | c |
| b | c |
| Withdrawn status | Lost status | Sistema de Clasificación | Damaged status | No para préstamo | Colección | Inventariado | Ubicación Permanente | Ubicación actual | Fecha de adquisición | Fuente de Valor | Valor | Total Checkouts | Número topográfico | Inventario / Código de Barras | Date last seen | Ejemplar | Price effective from | Forma de adquisición | Tipo de material |
|---|---|---|---|---|---|---|---|---|---|---|---|---|---|---|---|---|---|---|---|
| Dewey Decimal Classification | General | Inventariado 2017 | Bogotá | Bogotá | 21/09/2015 | Samper, Cristián | 39000.00 | LB-597.924 H64c | 002022 | 04/12/2012 | Ej. 1 | 04/12/2012 | Libro | ||||||
| Dewey Decimal Classification | General | Inventariado 2017 | Sala Fabio Quevedo | Sala Fabio Quevedo | 21/09/2015 | Samper, Cristián | 39000.00 | LB-597.924 H64c | 002023 | 04/12/2012 | Ej. 3 | 04/12/2012 | Libro |